000 01792nam a2200313 a 4500
001 BRCA_2616
005 20190320203907.0
008 281108s1879----fr-a---###---#000-0dspa-u
041 _aspa
044 _afr
084 _a185
_b.G376
_c1879
100 1 _aCervantes Saavedra, Miguel de
_d1547-1616
_9213
245 1 0 _aEl Ingenioso Hidalgo Don Quijote de la Mancha
_ccompuesto por Miguel de Cervantes Saavedra.
260 _aParís
_bGarnier hermanos
_c1879
300 _a2 v.
_bil.
_c20 cm.
500 _aContenido : v 1. Primera parte. Retrato de Cervantes. Vida de Cervantes por Aribau. Dedicatoria del autor. Prólogo del autor. Versos preliminares. Texto. -- v 2. Segunda parte. Dedicatoria del autor. Prólogo del autor. Texto
500 _aEdición : Edición conforme a la última corregida por la Academia Española, con la vida del autor y notas para la buena inteligencia del texto
500 _aReproducción de la edición, publicada por los mismos editores, en 1873, pero en papel inferior y de marca más pequeña. Semipergamino. Ejemplar desgastado. Además, falta la portada del vol. II Lúdovik Osterc
500 _aEstado físico : El volúmen 1 se encuentra ligeramente desprendido del lomo. Mientras que la segunda guarda tiene varias notas escritas con tinta de puño y letra del Sr. Franz Mayer
500 _aCon ex-libris de : Peter Van der Laan
650 1 4 _aNovela española
_yÉpoca clásica, 1500-1700
_9215
650 1 4 _aLiteratura española
_yÉpoca clásica, 1500-1700
_9216
650 1 4 _aNovela española
_ySiglo XVII
_9217
650 1 4 _aDon Quijote (Personaje ficticio)
_eNovela
_9218
700 1 _aBuenaventura, Carlos Aribau
_d1798-1862
_eBiógrafo
_97462
740 0 _aEl Ingenioso Hidalgo Don Quijote de la Mancha
902 _aQFM
942 _2lcc
_cB
999 _c2356
_d2356